00509nam a22001457a 4500003000400000005001700004008004100021040001400062100003000076245007600106260000900182300003000191500011500221504002700336OSt20171010095449.0120621t xxu||||| |||| 00| 0 eng d aMMSUcULS aRamos, Lesther Jooner M.  aPotential of cornick wastewater as fertilizercLesther Jooner M. Ramos  c2007 axiii, 51 leaves c28 cm.  aThesis (BS Environmental Science) -- Mariano Marcos State University-College of Arts and Sciences, Batac City  aBibliography: leaf 35